Tres hipótesis sobre la economía del medio ambiente /
Salvato in:
| Autore principale: | |
|---|---|
| Natura: | testo |
| Soggetti: | |
| Tags: |
Aggiungi Tag
Nessun Tag, puoi essere il primo ad aggiungerne!!
|
MARC
| LEADER | 00000 a a2200000 04500 | ||
|---|---|---|---|
| 001 | 42315 | ||
| 003 | |||
| 040 | |||
| 100 | |a Noriega, Fernando A | ||
| 245 | |a Tres hipótesis sobre la economía del medio ambiente / |c Fernando A. Noriega | ||
| 650 | |a TEORIA | ||
| 650 | |a MEDIO AMBIENTE | ||
| 650 | |a MERCADO | ||
| 650 | |a CRECIMIENTO ECONOMICO | ||
| 650 | |a PRECIOS | ||
| 650 | |a DETERIORO AMBIENTAL | ||
| 650 | |a RECURSOS NATURALES | ||
| 650 | |a ECONOMIA | ||
| 650 | |a POLITICA AMBIENTAL | ||
| 773 | |g volumen29, número115 (1998), páginas 57-72 | ||
| 999 | |c 39570 |d 39570 | ||
